[Event "Bangkok op 16th"]
[Site "Bangkok"]
[Date "2016.04.12"]
[Round "4"]
[White "Gustafsson, Jan"]
[Black "Lahtela, Silvio"]
[Result "1-0"]
[WhiteElo "2629"]
[BlackElo "2278"]
[PlyCount "119"]
[EventDate "2016.04.10"]
[EventType "swiss"]
[EventRounds "9"]
[EventCountry "THA"]
[SourceTitle "CBM 171 Extra"]
[Source "ChessBase"]
[SourceDate "2016.04.26"]
[SourceVersion "1"]
[SourceVersionDate "2016.04.26"]
[SourceQuality "1"]

1. d4 Nf6 2. Nf3 g6 3. Nbd2 d5 4. e3 Bg7 5. b4 0-0 6. Be2 Ne4 7. Bb2 Nxd2 8. Qxd2 Bg4 9. c4 c6 10. Qc2 Nd7 11. 0-0 dxc4 12. Qxc4 e5 13. Nxe5 Nxe5 14. dxe5 Bxe2 15. Qxe2 Qe7 16. b5 Bxe5 17. Bxe5 Qxe5 18. bxc6 bxc6 19. Rac1 Qb5 20. Qc2 Rac8 21. Rb1 Qa6 22. Rb4 Rfd8 23. Rc1 Rd5 24. e4 Rd7 25. Qc4 Qa5 26. g3 Qd8 27. Qc5 Rd1+ 28. Rxd1 Qxd1+ 29. Kg2 Qd7 30. a4 a5 31. Qxa5 c5 32. Rc4 Qd3 33. Qc3 Qb1 34. Qe5 h5 35. h4 Qe1 36. Qd5 Re8 37. Kf3 Qh1+ 38. Kf4 Qg2 39. Qxc5 Rb8 40. Qd4 Qh3 41. Rb4 Re8 42. f3 Qf1 43. Qc3 Qf2 44. Rb2 Qa7 45. a5 Ra8 46. Rb5 Qa6 47. Rb6 Qa7 48. Rb5 Qd7 49. Rd5 Qa7 50. Qc6 Qb8+ 51. e5 Rxa5 52. Rxa5 Qb4+ 53. Kg5 Qxa5 54. Kh6 Qd8 55. Qd6 Qe8 56. f4 Qc8 57. e6 Qf8+ 58. Qxf8+ Kxf8 59. exf7 Kxf7 60. Kg5 1-0

[Event "London Classic op 7th"]
[Site "London"]
[Date "2015.12.06"]
[Round "4"]
[White "Lahtela, Silvio"]
[Black "Hector, Jonny"]
[Result "1-0"]
[WhiteElo "2236"]
[BlackElo "2499"]
[PlyCount "65"]
[EventDate "2015.12.04"]
[EventType "swiss"]
[EventRounds "9"]
[EventCountry "ENG"]
[SourceTitle "CBM 169 Extra"]
[Source "ChessBase"]
[SourceDate "2015.12.18"]
[SourceVersion "1"]
[SourceVersionDate "2015.12.18"]
[SourceQuality "1"]

1. d4 d5 2. c4 c6 3. Nc3 e5 4. dxe5 d4 5. Ne4 Qa5+ 6. Bd2 Qxe5 7. Ng3 Nf6 8. Nf3 Qd6 9. Qc2 Be7 10. 0-0-0 c5 11. e3 Nc6 12. Bc3 dxc3 13. Rxd6 cxb2+ 14. Qxb2 Bxd6 15. Bd3 0-0 16. Rd1 Rd8 17. Bf5 Bxg3 18. Rxd8+ Nxd8 19. Bxc8 Bxf2 20. Qxf2 Rxc8 21. Ne5 h5 22. h3 Rc7 23. Qd2 Ne6 24. g4 hxg4 25. hxg4 Nh7 26. Qd6 Nhg5 27. Nd3 Nh7 28. Nf4 Nhf8 29. Nd5 Rd7 30. Ne7+ Kh8 31. Qh2+ Nh7 32. Qb8+ Nhf8 33. Qe8 1-0

[Event "London Classic op 7th"]
[Site "London"]
[Date "2015.12.05"]
[Round "2"]
[White "Lahtela, Silvio"]
[Black "Zhou, Yang Fan"]
[Result "1/2-1/2"]
[WhiteElo "2236"]
[BlackElo "2455"]
[PlyCount "210"]
[EventDate "2015.12.04"]
[EventType "swiss"]
[EventRounds "9"]
[EventCountry "ENG"]
[SourceTitle "CBM 169 Extra"]
[Source "ChessBase"]
[SourceDate "2015.12.18"]
[SourceVersion "1"]
[SourceVersionDate "2015.12.18"]
[SourceQuality "1"]

1. d4 Nf6 2. c4 g6 3. f3 Bg7 4. e4 0-0 5. Nc3 Nc6 6. Nge2 e5 7. Be3 d6 8. d5 Na5 9. Nc1 c5 10. Bd3 a6 11. 0-0 Bd7 12. Qe2 Nh5 13. g3 Rc8 14. Qg2 b5 15. b3 Rb8 16. cxb5 axb5 17. N1e2 f5 18. Rac1 f4 19. Bd2 fxg3 20. hxg3 Bf6 21. Nd1 Bg5 22. f4 Bh6 23. Be3 exf4 24. gxf4 c4 25. Bc2 cxb3 26. axb3 Rc8 27. e5 dxe5 28. fxe5 Rxf1+ 29. Kxf1 Bg7 30. e6 Be8 31. Be4 Rxc1 32. Nxc1 Be5 33. Nd3 Bd6 34. Bf3 Ng3+ 35. Kg1 Nf5 36. b4 Nc4 37. Bc5 Qf6 38. Be4 g5 39. Qf3 Bg6 40. Bxf5 Bxf5 41. Ne3 Qa1+ 42. Kg2 Nxe3+ 43. Qxe3 Qa2+ 44. Kf1 Bxd3+ 45. Qxd3 Qa1+ 46. Kf2 Qa2+ 47. Kf1 Qa1+ 48. Kf2 Qa2+ 49. Ke3 Bf4+ 50. Kf3 Qh2 51. e7 Qh5+ 52. Kg2 g4 53. d6 Qh2+ 54. Kf1 Qh1+ 55. Ke2 Qh5 56. Qb3+ Kg7 57. Bd4+ Be5 58. Bxe5+ Qxe5+ 59. Qe3 Qh2+ 60. Ke1 Qh1+ 61. Kd2 Qd5+ 62. Ke2 Qg2+ 63. Kd3 Qd5+ 64. Qd4+ Qxd4+ 65. Kxd4 Kf7 66. Kc5 g3 67. Kc6 g2 68. Kd7 g1Q 69. e8Q+ Kg7 70. Qe5+ Kf7 71. Qf5+ Kg7 72. Ke6 Qe3+ 73. Kd7 Qb6 74. Ke7 Qe3+ 75. Qe6 Qg5+ 76. Ke8 Qh5+ 77. Kd8 Qf3 78. Qe5+ Kf7 79. Qe8+ Kg7 80. d7 Qa8+ 81. Kc7 Qa7+ 82. Kc6 Qa6+ 83. Kc5 Qa7+ 84. Kxb5 Qb7+ 85. Kc5 Qc7+ 86. Kd5 Qb7+ 87. Kc4 Qc6+ 88. Kb3 Qd5+ 89. Kc3 Qc6+ 90. Kd3 Qd6+ 91. Ke3 Qg3+ 92. Ke4 Qe1+ 93. Kf5 Qf2+ 94. Ke5 Qe3+ 95. Kd5 Qd3+ 96. Kc5 Qc3+ 97. Kb5 Qd3+ 98. Kb6 Qd4+ 99. Ka6 Qd6+ 100. Ka5 Qc7+ 101. Ka4 Qc2+ 102. Kb5 Qd3+ 103. Kc5 Qc3+ 104. Kd5 Qd3+ 105. Kc5 Qc3+ 1/2-1/2

[Event "Berlin Kreuzberg op 5th"]
[Site "Berlin"]
[Date "2004.07.04"]
[Round "9"]
[White "Burger, Heinrich"]
[Black "Lahtela, Silvio"]
[Result "0-1"]
[WhiteElo "2059"]
[BlackElo "2243"]
[PlyCount "104"]
[EventDate "2004.06.26"]
[EventType "swiss"]
[EventRounds "9"]
[EventCountry "GER"]
[SourceTitle "EXT 2022"]
[Source "ChessBase"]
[SourceDate "2021.10.06"]
[SourceVersion "1"]
[SourceVersionDate "2021.10.06"]
[SourceQuality "1"]

1. c4 c6 2. g3 d5 3. Bg2 Nf6 4. Nf3 Bg4 5. Ne5 Be6 6. cxd5 Bxd5 7. Nf3 e5 8. 0-0 Nbd7 9. Nc3 Bxf3 10. Bxf3 Bc5 11. d3 0-0 12. Bd2 Re8 13. a3 Nf8 14. b4 Bd4 15. Rb1 Qd7 16. Qc2 Rac8 17. e3 Bb6 18. Na4 Rcd8 19. Be2 e4 20. d4 Qh3 21. f4 Ng4 22. Bxg4 Qxg4 23. Nc5 Bxc5 24. bxc5 Re7 25. f5 h5 26. Rf4 Qg5 27. Rbf1 Rde8 28. Kg2 Nh7 29. Rb1 Nf6 30. Rb3 Nd5 31. Rf1 Rd8 32. Qd1 Rdd7 33. Qe2 Nf6 34. Rf4 Nd5 35. Rf1 Kf8 36. h3 Kg8 37. Be1 g6 38. g4 Re8 39. Bg3 Kg7 40. Qf2 hxg4 41. hxg4 Qxg4 42. f6+ Kg8 43. Kh2 Kh7 44. Rh1 g5 45. Rbb1 Kg6 46. Kg1 Nxf6 47. Rf1 Re6 48. Rh8 Nh5 49. Rxh5 Kxh5 50. Qh2+ Kg6 51. Kg2 Qe2+ 52. Rf2 Qh5 0-1

[Event "Berlin Kreuzberg op 5th"]
[Site "Berlin"]
[Date "2004.06.30"]
[Round "5"]
[White "Lahtela, Silvio"]
[Black "Berger, Steve"]
[Result "0-1"]
[WhiteElo "2243"]
[BlackElo "2335"]
[PlyCount "72"]
[EventDate "2004.06.26"]
[EventType "swiss"]
[EventRounds "9"]
[EventCountry "GER"]
[SourceTitle "EXT 2022"]
[Source "ChessBase"]
[SourceDate "2021.10.06"]
[SourceVersion "1"]
[SourceVersionDate "2021.10.06"]
[SourceQuality "1"]

1. d4 g6 2. c4 Bg7 3. e4 Nc6 4. Be3 e5 5. d5 Nd4 6. Nc3 c5 7. Qd2 d6 8. f4 Bh6 9. 0-0-0 Nf6 10. h3 Qe7 11. Nf3 Nh5 12. fxe5 Nxf3 13. gxf3 Bxe3 14. Qxe3 Qxe5 15. Ne2 f5 16. Bg2 fxe4 17. f4 Qe7 18. Bxe4 0-0 19. Qf3 Bf5 20. Bxf5 Rxf5 21. Rde1 Re8 22. Ng3 Qxe1+ 23. Rxe1 Rxe1+ 24. Kd2 Rxf4 25. Qg2 Nxg3 26. Qxg3 Ref1 27. Qg5 Rf6 28. Qg4 R1f2+ 29. Ke1 R2f5 30. Kd2 h5 31. Qe4 Re5 32. Qh4 Kg7 33. Kc2 Re2+ 34. Kb3 Rf3+ 35. Ka4 Rxb2 36. Qe7+ Kh6 0-1

[Event "Canarias en Red prel 4th"]
[Site "Playchess.com INT"]
[Date "2004.05.06"]
[Round "3"]
[White "Lahtela, Silvio"]
[Black "Fier, Alexandr"]
[Result "1-0"]
[WhiteElo "2243"]
[BlackElo "2258"]
[PlyCount "105"]
[EventDate "2004.05.06"]
[EventType "swiss (blitz)"]
[EventRounds "13"]
[EventCountry "GER"]
[SourceTitle "EXT 2005"]
[Source "ChessBase"]
[SourceDate "2004.11.15"]
[SourceVersion "1"]
[SourceVersionDate "2004.11.15"]
[SourceQuality "1"]

1. d4 Nf6 2. c4 c5 3. d5 e6 4. Nc3 exd5 5. cxd5 d6 6. e4 g6 7. f3 Bg7 8. Nge2 0-0 9. Ng3 h5 10. Bg5 Qe8 11. Qd2 Nh7 12. Bh6 a6 13. Bxg7 Kxg7 14. Be2 Nd7 15. 0-0 b5 16. Rae1 b4 17. Nd1 Nb6 18. Bd3 Qe5 19. Ne2 c4 20. f4 Qe7 21. Bb1 Qa7 22. Kh1 a5 23. Nd4 f6 24. Nc6 Qc7 25. a3 Ba6 26. Rf3 c3 27. bxc3 Nc4 28. Qf2 bxa3 29. Nd4 Bc8 30. Ba2 Rb8 31. Nc6 Rb2 32. Nxb2 Nxb2 33. c4 Re8 34. Rxa3 Qb7 35. Rb3 Qf7 36. Rxb2 g5 37. fxg5 Nxg5 38. Rbe2 Bg4 39. Re3 a4 40. h3 Bd7 41. Nd4 a3 42. Nf5+ Kh7 43. Nxd6 Qe7 44. Nxe8 Bxe8 45. e5 Bg6 46. exf6 Qd6 47. Re7+ Nf7 48. Rxf7+ Bxf7 49. Bb1+ Kg8 50. Qf5 Kf8 51. Re7 Qb6 52. Qc8+ Be8 53. Qxe8# 1-0

[Event "Dresden ZMD op"]
[Site "Dresden"]
[Date "2003.07.28"]
[Round "4"]
[White "Radke, Robert"]
[Black "Lahtela, Silvio"]
[Result "0-1"]
[WhiteElo "1894"]
[BlackElo "2247"]
[PlyCount "46"]
[EventDate "2003.07.25"]
[EventType "swiss"]
[EventRounds "9"]
[EventCountry "GER"]
[SourceTitle "EXT 2004"]
[Source "ChessBase"]
[SourceDate "2003.11.25"]
[SourceVersion "1"]
[SourceVersionDate "2003.11.25"]
[SourceQuality "1"]

1. d4 d5 2. c4 c6 3. Nf3 Nf6 4. cxd5 cxd5 5. Nc3 Nc6 6. e3 a6 7. Be2 Bf5 8. Ne5 Nd7 9. Nd3 e6 10. a3 Bd6 11. Bd2 0-0 12. h4 e5 13. dxe5 Ndxe5 14. Nf4 d4 15. Ncd5 Re8 16. g4 Be4 17. Rh3 d3 18. Bf1 Nd4 19. exd4 Nf3+ 20. Rxf3 Bxf3+ 21. Be3 Bxd1 22. Rxd1 Bxf4 23. Nxf4 Qxd4 0-1

[Event "Dresden ZMD op"]
[Site "Dresden"]
[Date "2003.07.27"]
[Round "3"]
[White "Lahtela, Silvio"]
[Black "Kuehn, Timo"]
[Result "1-0"]
[WhiteElo "2247"]
[BlackElo "1842"]
[PlyCount "71"]
[EventDate "2003.07.25"]
[EventType "swiss"]
[EventRounds "9"]
[EventCountry "GER"]
[SourceTitle "EXT 2004"]
[Source "ChessBase"]
[SourceDate "2003.11.25"]
[SourceVersion "1"]
[SourceVersionDate "2003.11.25"]
[SourceQuality "1"]

1. d4 Nf6 2. c4 c5 3. d5 b5 4. cxb5 a6 5. bxa6 Bxa6 6. Nc3 g6 7. g3 d6 8. Rb1 Bg7 9. b3 0-0 10. Bg2 Nbd7 11. a4 Qb6 12. Nh3 Rfb8 13. 0-0 Ng4 14. Bd2 Qc7 15. Qc2 Ra7 16. Rfc1 Nge5 17. Nf4 Nf6 18. h4 Rab7 19. Na2 Qb6 20. b4 cxb4 21. Rxb4 Qd8 22. Rxb7 Bxb7 23. Qc7 Ne8 24. Qxd8 Rxd8 25. Rb1 Ba8 26. Nb4 Nc4 27. Be1 Kf8 28. Nc6 Rc8 29. Bh3 Rc7 30. Rc1 Ne5 31. Ba5 Rb7 32. Nxe5 Bxe5 33. Rc8 Rb1+ 34. Kh2 Bb7 35. Rb8 f5 36. Ne6+ 1-0

[Event "Bayern-chI Bank Hofmann 6th"]
[Site "Bad Wiessee"]
[Date "2002.11.02"]
[Round "8"]
[White "Teich, Udo"]
[Black "Lahtela, Silvio"]
[Result "0-1"]
[WhiteElo "2106"]
[BlackElo "2240"]
[PlyCount "131"]
[EventDate "2002.10.26"]
[EventType "swiss"]
[EventRounds "9"]
[EventCountry "GER"]
[SourceTitle "EXT 2003"]
[Source "ChessBase"]
[SourceDate "2002.11.25"]
[SourceVersion "1"]
[SourceVersionDate "2002.11.25"]
[SourceQuality "1"]

1. d4 d5 2. Nf3 Nf6 3. c4 e6 4. Nc3 Be7 5. e3 0-0 6. Qc2 c5 7. dxc5 Bxc5 8. a3 a5 9. Be2 Nc6 10. 0-0 Qe7 11. Rd1 Rd8 12. b3 d4 13. exd4 Nxd4 14. Nxd4 Bxd4 15. Bb2 e5 16. Nb5 Bf5 17. Qxf5 Bxb2 18. Ra2 Rxd1+ 19. Bxd1 Rd8 20. Qc2 Bd4 21. Nxd4 exd4 22. Qe2 Qc5 23. Qd3 b6 24. Bf3 g6 25. g3 Kg7 26. Ra1 Rd6 27. Kf1 Rd8 28. Ra2 Rc8 29. Ra1 a4 30. bxa4 Qxc4 31. Qxc4 Rxc4 32. Ke2 Rxa4 33. Kd3 Nd7 34. Bd1 Nc5+ 35. Kd2 Ra8 36. a4 Ne4+ 37. Ke1 Re8 38. Kf1 Nc3 39. Bc2 Rd8 40. Bd3 Ra8 41. Bc2 Ra5 42. Ke1 Re5+ 43. Kf1 Kf6 44. Ra3 Rd5 45. Ke1 Re5+ 46. Kf1 Re6 47. a5 bxa5 48. Rxa5 Re2 49. Bd1 Rb2 50. Bf3 d3 51. Rc5 Rc2 52. Rc6+ Ke7 53. Rc7+ Ke6 54. Rc6+ Kd7 55. Rc4 Ne2 56. Re4 f5 57. Re3 Rc1+ 58. Kg2 Rg1+ 59. Kh3 Nc1 60. Re5 Kd6 61. Rd5+ Ke6 62. Rd8 g5 63. g4 fxg4+ 64. Bxg4+ Ke5 65. Bf3 Kf6 66. Rd6+ 0-1

[Event "BL2-Nord 9899"]
[Site "Germany"]
[Date "1999.03.07"]
[Round "7.7"]
[White "Lahtela, Silvio"]
[Black "Hebbinghaus, Holger"]
[Result "1/2-1/2"]
[WhiteElo "2220"]
[BlackElo "2245"]
[PlyCount "26"]
[EventDate "1998.10.18"]
[EventType "team-tourn"]
[EventRounds "9"]
[EventCountry "GER"]
[SourceTitle "GER-chT2"]
[Source "ChessBase"]
[SourceDate "1999.07.01"]
[SourceVersion "1"]
[SourceVersionDate "1999.07.01"]
[SourceQuality "1"]
[WhiteTeam "Lasker Steglitz"]
[BlackTeam "Hamburger SK II"]
[WhiteTeamCountry "GER"]
[BlackTeamCountry "GER"]

1. e4 d5 2. exd5 Qxd5 3. Nc3 Qa5 4. d4 c6 5. Bd3 Nf6 6. h3 Bf5 7. Nf3 Bxd3 8. Qxd3 Nbd7 9. 0-0 e6 10. Bd2 Be7 11. Ne2 Qc7 12. c4 0-0 13. Rfd1 Rfd8 1/2-1/2

[Event "Berliner Sommer 16th"]
[Site "Berlin"]
[Date "1998.??.??"]
[Round "6"]
[White "Cech, Pavel"]
[Black "Lahtela, Silvio"]
[Result "1-0"]
[WhiteElo "2370"]
[BlackElo "2220"]
[PlyCount "117"]
[EventDate "1998.08.08"]
[EventType "swiss"]
[EventRounds "9"]
[EventCountry "GER"]
[SourceTitle "CBM 066 Extra"]
[Source "ChessBase"]
[SourceDate "1998.11.06"]
[SourceVersion "1"]
[SourceVersionDate "1998.11.06"]
[SourceQuality "1"]

1. d4 f5 2. e4 fxe4 3. Nc3 Nf6 4. Bg5 Nc6 5. d5 Ne5 6. Qd4 Nf7 7. Bxf6 exf6 8. Nxe4 f5 9. Ng3 g6 10. 0-0-0 Bh6+ 11. f4 0-0 12. Nf3 Bg7 13. Qd2 b5 14. Kb1 Rb8 15. h4 Qf6 16. c3 a5 17. h5 b4 18. c4 a4 19. hxg6 hxg6 20. c5 a3 21. Nd4 Ba6 22. Bxa6 Qxa6 23. b3 Qf6 24. Rhe1 Nd8 25. Qe2 Qh4 26. Qf3 Nb7 27. c6 Bxd4 28. Rxd4 Qf6 29. Rd2 Rbe8 30. Rh1 dxc6 31. dxc6 Nd6 32. Qd5+ Kg7 33. Rc1 Re3 34. Nf1 Re4 35. g3 Rfe8 36. Rcd1 Re1 37. Qd4 Rxd1+ 38. Rxd1 Qxd4 39. Rxd4 Re1+ 40. Kc2 Rxf1 41. Rxd6 Rf2+ 42. Rd2 Rxd2+ 43. Kxd2 Kh6 44. Ke3 Kh5 45. Kf3 g5 46. Ke3 Kg4 47. fxg5 Kxg5 48. Kd4 f4 49. gxf4+ Kxf4 50. Kc4 Ke5 51. Kxb4 Kd6 52. Kxa3 Kxc6 53. Kb4 Kb6 54. a4 Kc6 55. a5 Kb7 56. Kb5 Ka7 57. Kc6 Kb8 58. b4 Kc8 59. a6 1-0

[Event "BL2-Nord 9798"]
[Site "Germany"]
[Date "1998.??.??"]
[Round "9.8"]
[White "Lahtela, Silvio"]
[Black "Ehrke, Michael"]
[Result "1-0"]
[WhiteElo "2190"]
[BlackElo "2260"]
[PlyCount "81"]
[EventDate "1997.10.??"]
[EventType "team-tourn"]
[EventRounds "9"]
[EventCountry "GER"]
[SourceTitle "EXT 1999"]
[Source "ChessBase"]
[SourceDate "1998.11.16"]
[SourceVersion "1"]
[SourceVersionDate "1998.11.16"]
[SourceQuality "1"]
[WhiteTeam "Lasker Steglitz"]
[BlackTeam "Luebeck"]
[WhiteTeamCountry "GER"]
[BlackTeamCountry "GER"]

1. e4 e5 2. f4 d5 3. exd5 c6 4. Nc3 exf4 5. Nf3 Bd6 6. d4 Ne7 7. Bd3 cxd5 8. 0-0 Ng6 9. Qe2+ Be6 10. Bf5 Qe7 11. Bxe6 fxe6 12. Re1 Kd8 13. Qxe6 Qxe6 14. Rxe6 Kd7 15. Re2 Kc6 16. Bd2 Na6 17. Rae1 Rhf8 18. a3 Rf5 19. Nd1 Nc7 20. Nf2 Raf8 21. Nd3 b6 22. Bb4 Bxb4 23. Nxb4+ Kd6 24. Nd3 R8f7 25. a4 Re7 26. Nde5 Re6 27. b3 Nf8 28. c4 g5 29. Nxg5 Re7 30. c5+ bxc5 31. dxc5+ Kxc5 32. Nd3+ Kd4 33. Nf3+ Kxd3 34. Rxe7 Na6 35. Rxa7 Nc5 36. b4 Ne4 37. b5 Ne6 38. b6 N6g5 39. Nxg5 Rxg5 40. Rf7 Kd2 41. Rf1 1-0

[Event "BL2-Nord 9798"]
[Site "Germany"]
[Date "1997.??.??"]
[Round "2.8"]
[White "Gieritz, Dietmar"]
[Black "Lahtela, Silvio"]
[Result "0-1"]
[WhiteElo "2165"]
[BlackElo "2190"]
[PlyCount "108"]
[EventDate "1997.10.??"]
[EventType "team-tourn"]
[EventRounds "9"]
[EventCountry "GER"]
[SourceTitle "EXT 1999"]
[Source "ChessBase"]
[SourceDate "1998.11.16"]
[SourceVersion "1"]
[SourceVersionDate "1998.11.16"]
[SourceQuality "1"]
[WhiteTeam "Oberschoeneweide"]
[BlackTeam "Lasker Steglitz"]
[WhiteTeamCountry "GER"]
[BlackTeamCountry "GER"]

1. d4 f5 2. Nf3 Nf6 3. g3 g6 4. Bg2 Bg7 5. 0-0 0-0 6. c4 d6 7. Nc3 Qe8 8. b3 Nc6 9. Nb5 Qd8 10. Ba3 Ne4 11. Rc1 a6 12. Nc3 Nxc3 13. Rxc3 Nxd4 14. Nxd4 c5 15. e3 Qa5 16. b4 cxb4 17. Rb3 bxa3 18. Bd5+ Kh8 19. Bxb7 Bxb7 20. Rxb7 Bf6 21. Nc6 Qc5 22. Nxe7 Rab8 23. Rxb8 Rxb8 24. Nd5 Bb2 25. Qa4 Rc8 26. Qd7 Qc6 27. Qe7 Qe8 28. Qxd6 Rxc4 29. Rd1 Rc6 30. Qb4 Rc8 31. Rd2 Rc1+ 32. Kg2 Qe4+ 33. f3 Qxb4 34. Nxb4 Ra1 35. Nxa6 Rxa2 36. Kh3 Ra1 37. Re2 Rc1 38. Nb4 Rc4 39. Na2 Kg7 40. Kg2 Kf6 41. Kf2 Ke6 42. Ke1 Kd5 43. Kd2 Kc5 44. Kd3 Kb5 45. e4 fxe4+ 46. fxe4 Rc5 47. Re3 Ka4 48. Kd2 g5 49. h3 h5 50. Rd3 g4 51. h4 Be5 52. Kd1 Rb5 53. Rd7 Rb1+ 54. Nc1 Bb2 0-1

[Event "BL2-Nord 9697"]
[Site "Germany"]
[Date "1997.??.??"]
[Round "?.7"]
[White "Lehmann, Klaus"]
[Black "Lahtela, Silvio"]
[Result "1/2-1/2"]
[WhiteElo "2390"]
[BlackElo "2185"]
[PlyCount "28"]
[EventDate "1996.10.??"]
[EventType "team-tourn"]
[EventRounds "9"]
[EventCountry "GER"]
[SourceTitle "GER-chT2"]
[Source "ChessBase"]
[SourceDate "1999.07.01"]
[SourceVersion "1"]
[SourceVersionDate "1999.07.01"]
[SourceQuality "1"]
[WhiteTeam "Kreuzberg"]
[BlackTeam "Lasker Steglitz"]
[WhiteTeamCountry "GER"]
[BlackTeamCountry "GER"]

1. e4 c5 2. c3 d5 3. exd5 Qxd5 4. d4 Nc6 5. dxc5 Qxd1+ 6. Kxd1 Bf5 7. Be3 Nf6 8. Nd2 0-0-0 9. Ngf3 Nd5 10. Bc4 e6 11. Bxd5 Rxd5 12. b4 Be7 13. Rc1 Bf6 14. Ne1 Rhd8 1/2-1/2